[Event "ch-CHN 2012"]
[Site "Xinghua CHN"]
[Date "2012.04.02"]
[Round "6"]
[White "Hou, Yifan"]
[Black "Yu, Yangyi"]
[Result "1/2-1/2"]
[WhiteTitle "GM"]
[BlackTitle "GM"]
[WhiteElo "2639"]
[BlackElo "2615"]
[WhiteFideId "8602980"]
[BlackFideId "8603820"]
[EventDate "2012.03.27"]

1. e4 c5 2. Nf3 d6 3. d4 cxd4 4. Nxd4 Nf6 5. Nc3 a6 6. Be2 e5 7. Nb3 Be7 8. Be3
Nc6 9. O-O O-O 10. Qd2 a5 11. a4 Nb4 12. Rad1 Be6 13. f4 Qc7 14. Bf3 Bc4 15.
Rfe1 b6 16. Kh1 Rab8 17. Qf2 Rfe8 18. Nc1 Bf8 19. Nd3 h6 20. h3 Qc6 21. Re2 b5
22. axb5 Bxb5 23. Qg3 Nxd3 24. cxd3 Kh8 25. Red2 Ba6 26. d4 Rxb2 27. Rxb2 Qxc3
28. Qf2 Bd3 29. dxe5 dxe5 30. Qd2 Qa3 31. Ra2 Qb3 32. fxe5 Bxe4 33. Rb2 Qe6 34.
Qf2 Bxf3 35. Qxf3 Nd7 36. Qd5 Qxd5 37. Rxd5 Nxe5 38. Bf2 a4 39. Re2 f6 40. Ra2
Ra8 41. Bd4 Kh7 42. Bxe5 fxe5 43. Rxe5 a3 44. Kg1 Rb8 45. Kf2 Rb3 46. Ke2 Rg3
47. Kf2 Rb3 48. Ke2 Rg3 49. Kf2 1/2-1/2

[Event "ch-CHN 2012"]
[Site "Xinghua CHN"]
[Date "2012.04.02"]
[Round "6"]
[White "Li, Shilong"]
[Black "Zhao, Jun"]
[Result "1/2-1/2"]
[WhiteTitle "GM"]
[BlackTitle "GM"]
[WhiteElo "2549"]
[BlackElo "2583"]
[WhiteFideId "8600678"]
[BlackFideId "8602522"]
[EventDate "2012.03.27"]

1. d4 Nf6 2. c4 g6 3. Nc3 Bg7 4. e4 d6 5. Nf3 O-O 6. Be2 e5 7. d5 Na6 8. Bg5 h6
9. Bh4 g5 10. Bg3 Nh5 11. h4 g4 12. Nd2 Nxg3 13. fxg3 h5 14. O-O c6 15. Kh2 Qb6
16. c5 Qxb2 17. Rc1 Qa3 18. dxc6 bxc6 19. Nc4 Qxc5 20. Na4 Qd4 21. Qc2 Nc5 22.
Nc3 d5 23. exd5 e4 24. dxc6 Nd3 25. Nb5 Qd5 26. Rb1 Qxc6 27. Bxd3 exd3 28. Qxd3
Be6 29. Ne3 Rad8 30. Qe2 Rfe8 31. Rbc1 Qa6 32. Rc2 Rc8 33. Rfc1 Rxc2 34. Rxc2
Bd7 35. Nc7 Qxe2 36. Rxe2 Re4 37. Ncd5 Bd4 38. Rd2 Be6 39. Nc2 Be5 40. Ncb4 Kf8
41. Nc6 Bxd5 42. Rxd5 Bc7 43. Nd4 Be5 44. Nf5 f6 45. Ra5 Bb8 46. Rb5 Be5 47. Ra5
Bb8 48. Rb5 Be5 49. Ra5 1/2-1/2

[Event "ch-CHN 2012"]
[Site "Xinghua CHN"]
[Date "2012.04.02"]
[Round "6"]
[White "Wang, Chen"]
[Black "Zhou, Jianchao"]
[Result "0-1"]
[WhiteTitle "IM"]
[BlackTitle "GM"]
[WhiteElo "2490"]
[BlackElo "2625"]
[WhiteFideId "8601020"]
[BlackFideId "8603537"]
[EventDate "2012.03.27"]

1. e4 c5 2. Nf3 Nc6 3. Bb5 g6 4. O-O Bg7 5. c3 Nf6 6. Qe2 O-O 7. Rd1 d5 8. d3
Qb6 9. Na3 a6 10. Ba4 Rd8 11. e5 Ne8 12. h3 Nc7 13. d4 cxd4 14. cxd4 Ne6 15. Nc2
Bd7 16. b3 Rac8 17. Ba3 Qc7 18. Bxc6 Bxc6 19. Qd2 Qd7 20. Nb4 Bb5 21. Bb2 a5 22.
a4 axb4 23. axb5 Qxb5 24. Ra4 Ra8 25. Qxb4 Qe2 26. Rd2 Rxa4 27. bxa4 Qe4 28. Rd1
Rd7 29. Qb5 Rc7 30. Re1 Qf5 31. Qxd5 Bh6 32. Qb3 Nf4 33. d5 Qd3 34. Qxd3 Nxd3
35. Rb1 Bg7 36. Bd4 Rd7 37. e6 fxe6 38. dxe6 Rc7 39. Rd1 Bxd4 40. Rxd3 Rc1+ 41.
Kh2 Bxf2 42. Rd7 Bc5 43. g4 b6 44. Ng5 Re1 45. Rd5 Kg7 46. a5 Bd6+ 47. Kg2 bxa5
48. Rxa5 h6 49. Nf7 Bf4 50. Kf3 Bd2 51. Rd5 Rxe6 52. Rxd2 Kxf7 53. Kf4 Rd6 54.
Rh2 Rd3 55. h4 Rd4+ 56. Kf3 h5 57. gxh5 gxh5 58. Kg3 Rd3+ 59. Kf4 Kf6 60. Ke4
Rg3 61. Rf2+ Ke6 62. Rf4 Ra3 63. Rf8 Ra4+ 64. Kf3 Rxh4 65. Rh8 Kf5 66. Kg3 Rg4+
67. Kh3 Kg5 68. Rg8+ Kf4 69. Rf8+ Ke4 70. Rh8 Rg1 0-1

[Event "ch-CHN 2012"]
[Site "Xinghua CHN"]
[Date "2012.04.03"]
[Round "7"]
[White "Liu, Qingnan"]
[Black "Lu, Shanglei"]
[Result "1/2-1/2"]
[WhiteTitle "IM"]
[BlackTitle "GM"]
[WhiteElo "2461"]
[BlackElo "2514"]
[WhiteFideId "8603294"]
[BlackFideId "8603332"]
[EventDate "2012.03.27"]

1. e4 c5 2. Nc3 Nc6 3. Bb5 e6 4. Bxc6 bxc6 5. d3 d5 6. f4 Nf6 7. Nf3 Be7 8. O-O
c4 9. e5 Nd7 10. d4 c5 11. Qe1 g6 12. Be3 Rb8 13. Rb1 Qc7 14. Qg3 h5 15. Kh1 h4
16. Qg4 Rh5 17. Ng5 Nf8 18. h3 a6 19. Ne2 Nh7 20. dxc5 Bxc5 21. Bxc5 Qxc5 22.
Nf3 Nf6 23. exf6 e5 24. Qxh5 gxh5 25. fxe5 Bf5 26. Nfd4 Be4 27. e6 Rb6 28. b3
Qc8 29. Nf4 cxb3 30. Rxb3 Rxb3 31. cxb3 Qc3 32. e7 Qxd4 33. Nxh5 Bxg2+ 34. Kxg2
Qe4+ 35. Rf3 Qc2+ 36. Kf1 Qd1+ 37. Kf2 Qd2+ 38. Kf1 Qc1+ 39. Kf2 Qb2+ 40. Kg1
Qb1+ 41. Kf2 Qb2+ 42. Kg1 Qc1+ 43. Kf2 Qc2+ 44. Kf1 Qb1+ 45. Kf2 Qc2+ 46. Ke3
Qc1+ 47. Kd4 Qg1+ 48. Ke5 Qg5+ 49. Rf5 Qe3+ 50. Kd6 Qe6+ 51. Kc5 Qe3+ 52. Kc6
Qe6+ 53. Kb7 Qd7+ 54. Kxa6 Qc6+ 55. Ka5 Qc5+ 56. Ka4 Qc6+ 57. Ka3 Qa6+ 58. Kb4
Qb6+ 59. Kc3 Qe3+ 60. Kc2 Qe2+ 61. Kc3 Qe3+ 62. Kb4 Qb6+ 63. Ka3 Qa5+ 1/2-1/2

[Event "ch-CHN 2012"]
[Site "Xinghua CHN"]
[Date "2012.04.03"]
[Round "7"]
[White "Zhao, Jun"]
[Black "Wang, Chen"]
[Result "0-1"]
[WhiteTitle "GM"]
[BlackTitle "IM"]
[WhiteElo "2583"]
[BlackElo "2490"]
[WhiteFideId "8602522"]
[BlackFideId "8601020"]
[EventDate "2012.03.27"]

1. c4 e6 2. Nc3 d5 3. d4 c5 4. cxd5 cxd4 5. Qa4+ Bd7 6. Qxd4 exd5 7. Qxd5 Nc6 8.
Nf3 Nf6 9. Qd1 Bc5 10. a3 Qe7 11. Bg5 h6 12. Bxf6 Qxf6 13. Rc1 Bb6 14. e3 Rd8
15. Qc2 Bf5 16. Qa4 O-O 17. Be2 g5 18. O-O g4 19. Ne1 Ne5 20. Ne4 Qg6 21. Ng3
Be6 22. Qf4 Qg5 23. Qe4 Bd5 24. Qf4 Be6 25. Ne4 Qxf4 26. exf4 Ng6 27. g3 f5 28.
Nc3 Rd2 29. Nc2 Rfd8 30. Rfd1 Bb3 31. Rxd2 Rxd2 32. Na1 Be6 33. Rc2 Rd8 34. Kf1
Ne7 35. Na4 Bd4 36. Nc5 Bd5 37. Nab3 Bf6 38. Bc4 b6 39. Bxd5+ Rxd5 40. Na4 Rd7
41. Nac5 Rd5 42. Na4 Rd7 43. Ke2 Kf7 44. Nd2 Nd5 45. Kf1 Nc7 46. Nc4 Nb5 47. Ne3
Kg6 48. Rc4 Nc3 0-1

[Event "ch-CHN 2012"]
[Site "Xinghua CHN"]
[Date "2012.04.03"]
[Round "7"]
[White "Yu, Yangyi"]
[Black "Li, Shilong"]
[Result "1-0"]
[WhiteTitle "GM"]
[BlackTitle "GM"]
[WhiteElo "2615"]
[BlackElo "2549"]
[WhiteFideId "8603820"]
[BlackFideId "8600678"]
[EventDate "2012.03.27"]

1. e4 e5 2. Nf3 Nc6 3. Bb5 a6 4. Ba4 Nf6 5. O-O Be7 6. Re1 b5 7. Bb3 d6 8. c3
O-O 9. h3 Nb8 10. d4 Nbd7 11. Nbd2 Bb7 12. Bc2 Re8 13. Nf1 Bf8 14. Ng3 g6 15. a4
c5 16. d5 c4 17. Be3 Nc5 18. Qd2 Qc7 19. Bh6 Bxh6 20. Qxh6 Qe7 21. Nh2 Kh8 22.
Rf1 Rf8 23. Ra2 Rab8 24. axb5 axb5 25. Ra5 Bc8 26. Rfa1 Bd7 27. Ra7 Qd8 28. Nf3
Ng8 29. Qe3 f5 30. exf5 gxf5 31. Nxe5 f4 32. Qxc5 dxc5 33. Rxd7 Qxd7 34. Nxd7
fxg3 35. Nxf8 gxf2+ 36. Kxf2 Rxf8+ 37. Ke3 Re8+ 38. Kf3 Rf8+ 39. Kg3 Rd8 40. Rd1
Rd6 41. Kf4 Nh6 42. Bf5 Rf6 43. g4 Nf7 44. Ra1 h6 45. Ra7 Kg8 46. h4 Kf8 47. g5 1-0

[Event "ch-CHN 2012"]
[Site "Xinghua CHN"]
[Date "2012.04.03"]
[Round "7"]
[White "Bu, Xiangzhi"]
[Black "Hou, Yifan"]
[Result "1/2-1/2"]
[WhiteTitle "GM"]
[BlackTitle "GM"]
[WhiteElo "2668"]
[BlackElo "2639"]
[WhiteFideId "8601445"]
[BlackFideId "8602980"]
[EventDate "2012.03.27"]

1. c4 Nf6 2. Nc3 e6 3. e4 d5 4. e5 d4 5. exf6 dxc3 6. bxc3 Qxf6 7. Nf3 e5 8. d4
exd4 9. Bg5 Qe6+ 10. Be2 Be7 11. cxd4 Bxg5 12. Nxg5 Qf6 13. Qd2 O-O 14. O-O Nc6
15. d5 Nd4 16. Ne4 Nxe2+ 17. Qxe2 Qe5 18. Rfe1 b6 19. Qd2 Bd7 20. f4 Qe7 21.
Rad1 Ba4 22. Rc1 Bd7 23. Qf2 Rfe8 24. f5 Qe5 25. f6 Qf5 26. Qg3 Qg4 27. h3 Qxg3
28. Nxg3 gxf6 29. Nh5 Rxe1+ 30. Rxe1 Ba4 31. Kf2 Kf8 32. Nxf6 Kg7 33. Ne4 Bc2
34. Nd2 Kf8 35. Nf3 Rd8 36. Nd4 Ba4 37. Re3 Be8 38. Rf3 Ke7 39. Nf5+ Kf8 40. Ke3
Bd7 41. Kd4 Re8 42. Nh6 Re7 43. g4 Be8 44. Re3 Rxe3 45. Kxe3 Bd7 46. Kf4 f6 47.
h4 Kg7 48. Nf5+ Bxf5 49. Kxf5 Kf7 50. a4 Ke7 51. g5 fxg5 52. Kxg5 Kf7 53. Kh6
Kg8 54. h5 Kh8 55. a5 Kg8 56. axb6 axb6 57. Kg5 Kg7 58. Kf5 Kf7 59. Ke5 Ke7 60.
h6 Kd7 61. Kf6 Kd6 62. Kg7 Ke7 63. Kg8 Ke8 64. Kxh7 Kf7 65. Kh8 Kf8 1/2-1/2

[Event "ch-CHN 2012"]
[Site "Xinghua CHN"]
[Date "2012.04.04"]
[Round "8"]
[White "Hou, Yifan"]
[Black "Ni, Hua"]
[Result "1/2-1/2"]
[WhiteTitle "GM"]
[BlackTitle "GM"]
[WhiteElo "2639"]
[BlackElo "2637"]
[WhiteFideId "8602980"]
[BlackFideId "8601160"]
[EventDate "2012.03.27"]

1. e4 e5 2. Nf3 Nc6 3. Bb5 Nf6 4. O-O Nxe4 5. d4 Nd6 6. Bxc6 dxc6 7. dxe5 Nf5 8.
Qxd8+ Kxd8 9. Nc3 Ke8 10. h3 h5 11. Bg5 Be6 12. b3 Be7 13. Rad1 h4 14. Rd3 Rd8
15. Rxd8+ Kxd8 16. Rd1+ Ke8 17. Kf1 f6 18. Bf4 Bd8 19. exf6 gxf6 20. Ne2 Kf7 21.
Ned4 Nxd4 22. Nxd4 Bd5 23. Re1 b5 24. Rc1 a6 25. c4 bxc4 26. bxc4 Be4 27. f3 c5
28. Nb3 Bd3+ 29. Kf2 c6 30. Rc3 Bf5 31. Bd6 Bb6 32. Bxc5 Bc7 33. Re3 Bg3+ 34.
Ke2 Be6 35. Nd2 Bf4 36. Re4 Bxd2 37. Kxd2 Rg8 38. Bf2 Rxg2 39. Ke3 Rh2 40. Rxh4
Rxh3 41. Rxh3 1/2-1/2

[Event "ch-CHN 2012"]
[Site "Xinghua CHN"]
[Date "2012.04.04"]
[Round "8"]
[White "Li, Shilong"]
[Black "Bu, Xiangzhi"]
[Result "0-1"]
[WhiteTitle "GM"]
[BlackTitle "GM"]
[WhiteElo "2549"]
[BlackElo "2668"]
[WhiteFideId "8600678"]
[BlackFideId "8601445"]
[EventDate "2012.03.27"]

1. d4 d5 2. c4 c6 3. Nf3 Nf6 4. Nc3 dxc4 5. a4 Bf5 6. Ne5 Nbd7 7. Nxc4 Nb6 8.
Ne5 a5 9. f3 Nfd7 10. e4 Nxe5 11. exf5 Ned7 12. d5 g6 13. dxc6 bxc6 14. Qd4 Rg8
15. Qe4 gxf5 16. Qxf5 Rg6 17. Bg5 Ne5 18. Rd1 Qc7 19. h4 Bg7 20. h5 Nxf3+ 21.
Qxf3 Rxg5 22. Ne4 Rd5 23. Rxd5 Nxd5 24. Bc4 Qb6 25. b3 Bh6 26. Rh3 Qg1+ 27. Qf1
Qd4 28. Qf5 e6 29. Qxh7 Nf4 30. Rg3 O-O-O 31. Kf1 Bf8 32. Rf3 Qb2 33. Ba6+ Kb8
34. Ke1 Nxg2+ 0-1

[Event "ch-CHN 2012"]
[Site "Xinghua CHN"]
[Date "2012.04.04"]
[Round "8"]
[White "Wang, Chen"]
[Black "Yu, Yangyi"]
[Result "0-1"]
[WhiteTitle "IM"]
[BlackTitle "GM"]
[WhiteElo "2490"]
[BlackElo "2615"]
[WhiteFideId "8601020"]
[BlackFideId "8603820"]
[EventDate "2012.03.27"]

1. e4 c5 2. Nf3 e6 3. c3 d5 4. exd5 Qxd5 5. d4 Nf6 6. Be2 Be7 7. Be3 cxd4 8.
cxd4 O-O 9. Nc3 Qd6 10. O-O Nc6 11. a3 b6 12. b4 Bb7 13. h3 Rac8 14. Qb3 Rfd8
15. Rfd1 h6 16. Rac1 Bf8 17. Bc4 Ne7 18. Ne5 Ned5 19. Nxd5 Bxd5 20. Qa4 a5 21.
Bd2 Bxc4 22. Nxc4 Qb8 23. Ne5 Rxc1 24. Rxc1 axb4 25. Nc6 Qa8 26. Qc2 b3 27. Qxb3
Rc8 28. Ne5 Rxc1+ 29. Bxc1 Qa5 30. Qc2 Nd5 31. Qc8 Qe1+ 32. Kh2 Qc3 33. Nc6 Kh7
34. Qxf8 Qxc6 35. Be3 Qc7+ 36. Kg1 Kg6 37. h4 h5 38. Qa8 Qc3 39. Qd8 Qe1+ 40.
Kh2 Nf6 41. Kg3 Qb1 42. f3 Qe1+ 43. Bf2 Qc3 44. Kh2 Qd2 45. Bg3 Nd5 46. Be5 Kh7
47. Qg5 Qxg5 48. hxg5 Kg6 49. f4 Ne3 50. Kg3 b5 51. Kf3 Nc4 52. Ke4 Nxa3 53. d5
exd5+ 54. Kxd5 Nc4 55. Bd4 Kf5 56. Bxg7 Ne3+ 57. Kc5 Nxg2 58. Kxb5 h4 59. Bd4 h3
60. Bg1 Nh4 0-1

[Event "ch-CHN 2012"]
[Site "Xinghua CHN"]
[Date "2012.04.04"]
[Round "8"]
[White "Liu, Qingnan"]
[Black "Zhou, Jianchao"]
[Result "1/2-1/2"]
[WhiteTitle "IM"]
[BlackTitle "GM"]
[WhiteElo "2461"]
[BlackElo "2625"]
[WhiteFideId "8603294"]
[BlackFideId "8603537"]
[EventDate "2012.03.27"]

1. e4 c5 2. Nf3 d6 3. c3 Nf6 4. h3 Nc6 5. Bd3 d5 6. e5 Nd7 7. Bb5 e6 8. d4 a6 9.
Bxc6 bxc6 10. O-O Be7 11. dxc5 Bxc5 12. Qa4 Qc7 13. Nbd2 O-O 14. Nb3 Be7 15. Re1
c5 16. Qg4 f5 17. Qh5 a5 18. Bg5 Qd8 19. Rad1 Qe8 20. Qxe8 Rxe8 21. Bxe7 Rxe7
22. Nc1 Rb8 23. b3 Ba6 24. Nd3 Bxd3 25. Rxd3 Rb6 26. Nd2 a4 27. c4 d4 28. f4 Re8
29. bxa4 Ra8 30. Ra3 Rb2 31. Nb3 Kf7 32. a5 Ra6 33. Kf1 g5 34. fxg5 Rc2 35. h4
Rxc4 36. Nd2 Rc2 37. Nf3 Rb2 38. h5 Rb5 39. Nd2 Raxa5 40. Rxa5 Rxa5 41. Nc4 Ra4
42. Rc1 Ke7 43. a3 Ra8 44. Rb1 Ra4 45. Rc1 Ra8 46. Rb1 Ra4 47. Rc1 Ra8 48. Rb1
Ra4 49. g6 hxg6 1/2-1/2

[Event "ch-CHN 2012"]
[Site "Xinghua CHN"]
[Date "2012.04.05"]
[Round "9"]
[White "Zhou, Jianchao"]
[Black "Lu, Shanglei"]
[Result "1/2-1/2"]
[WhiteTitle "GM"]
[BlackTitle "GM"]
[WhiteElo "2625"]
[BlackElo "2514"]
[WhiteFideId "8603537"]
[BlackFideId "8603332"]
[EventDate "2012.03.27"]

1. d4 f5 2. g3 Nf6 3. Bg2 g6 4. Nf3 Bg7 5. O-O O-O 6. c4 d6 7. Nc3 c6 8. Rb1 Qe8
9. d5 Na6 10. dxc6 bxc6 11. b4 Bd7 12. Qb3 Kh8 13. Qa3 Nc7 14. c5 Ne4 15. Bb2 e5
16. cxd6 Nxd6 17. Nd2 e4 18. e3 Qf7 19. Ne2 Nd5 20. Bxg7+ Qxg7 21. Rfc1 Nb5 22.
Qb2 a5 23. bxa5 Rxa5 24. Nc4 Ra7 25. Qxg7+ Kxg7 26. Ne5 Rfa8 27. a4 Nd6 28. Nxd7
Rxd7 29. Nd4 Rxa4 30. Ne6+ Kh6 31. Nc5 Rda7 32. Nxa4 Rxa4 33. Rxc6 Nc4 34. Rd1
Nc3 35. Re1 Nd5 36. Rc5 Nf6 37. Rb5 Ra2 38. h3 Nd2 39. Rb4 Nf3+ 40. Bxf3 exf3
41. Rf4 Ne4 42. Rf1 Nd2 43. Rd1 Ne4 44. Rxf3 Ng5 45. Kg2 Nxf3 46. Kxf3 Kg5 47.
g4 h5 48. gxf5 gxf5 49. Rd4 h4 50. Rd6 Rb2 51. Kg2 Ra2 52. Rd8 Rb2 53. Rg8+ Kf6
54. Ra8 Kg5 55. Ra5 Kf6 56. Ra1 Kg5 57. Kf1 Rc2 58. Ra5 Kf6 59. Ra8 Rc1+ 60. Kg2
Rc2 61. Rg8 Ra2 62. Rb8 Rc2 63. Rb4 Kg5 64. e4 fxe4 65. Rxe4 Rc3 66. Rg4+ Kh5
67. Re4 Kg5 68. Re5+ Kg6 69. Re3 Rc4 70. Kf3 Kf5 71. Re8 Rc3+ 72. Kg2 Rc4 73.
Re3 Ra4 74. Rb3 Ra5 75. Kf3 Rc5 76. Rd3 Ra5 77. Rc3 Rb5 78. Ke2 Re5+ 79. Kf1 Ra5
80. Rc8 Ra3 81. Kg2 Kg5 82. Rg8+ Kh6 83. Rf8 Kg6 84. Rf4 Kg5 85. Rf3 Ra4 86. Kf1
Ra1+ 87. Ke2 Ra2+ 88. Ke3 Ra3+ 89. Ke4 Ra4+ 90. Ke5 Ra5+ 91. Ke6 Ra6+ 92. Kf7
Ra7+ 93. Kf8 Ra8+ 94. Kg7 Ra7+ 95. Rf7 Rxf7+ 96. Kxf7 Kf5 97. Kg7 Kg5 98. Kh7
Kh5 99. Kg8 Kg6 100. Kf8 Kf6 101. Ke8 Ke6 102. Kf8 Kf6 103. Kg8 Kg6 104. Kh8 Kh6 1/2-1/2

[Event "ch-CHN 2012"]
[Site "Xinghua CHN"]
[Date "2012.04.05"]
[Round "9"]
[White "Zhao, Jun"]
[Black "Liu, Qingnan"]
[Result "1-0"]
[WhiteTitle "GM"]
[BlackTitle "IM"]
[WhiteElo "2583"]
[BlackElo "2461"]
[WhiteFideId "8602522"]
[BlackFideId "8603294"]
[EventDate "2012.03.27"]

1. d4 d6 2. e4 g6 3. Nc3 Bg7 4. f4 a6 5. Nf3 b5 6. Bd3 Bb7 7. Be3 Nf6 8. e5 Ng4
9. Qe2 c5 10. dxc5 dxe5 11. Nxe5 Nxe5 12. fxe5 Bxe5 13. O-O-O Qc7 14. Rhe1 O-O
15. Ne4 Nd7 16. Ng5 Bg7 17. Qf2 h6 18. Nf3 e5 19. Nd2 f5 20. Nb3 Nf6 21. Bd2 a5
22. Qg3 a4 23. Nd4 Qf7 24. Bxf5 Rae8 25. Be6 Rxe6 26. Nxe6 Qxe6 27. Qxg6 Qg4 28.
Qd3 Bc6 29. Qd6 Bxg2 30. Rg1 Qf3 31. Rde1 Kh7 32. Qd3+ e4 33. Qxb5 Ng4 34. Qxa4
e3 35. Bb4 e2 36. Qd7 Nxh2 37. c6 Rf4 38. Bc3 Rf7 39. Bxg7 Rxd7 40. cxd7 Qe3+
41. Kb1 Qd2 42. Rxe2 Qxd7 43. Rexg2 Nf3 44. Rh1 Nh4 45. Rgh2 1-0

[Event "ch-CHN 2012"]
[Site "Xinghua CHN"]
[Date "2012.04.05"]
[Round "9"]
[White "Bu, Xiangzhi"]
[Black "Wang, Chen"]
[Result "1-0"]
[WhiteTitle "GM"]
[BlackTitle "IM"]
[WhiteElo "2668"]
[BlackElo "2490"]
[WhiteFideId "8601445"]
[BlackFideId "8601020"]
[EventDate "2012.03.27"]

1. c4 e6 2. Nf3 d5 3. d4 Nf6 4. Nc3 Nbd7 5. Bf4 dxc4 6. e3 b5 7. Nxb5 Bb4+ 8.
Nc3 Nd5 9. Rc1 Nxf4 10. exf4 Qf6 11. g3 Bb7 12. Bg2 O-O 13. O-O Rfd8 14. Qc2
Rab8 15. Rfd1 Bxc3 16. Qxc3 Bd5 17. Ne5 Bxg2 18. Kxg2 Nxe5 19. dxe5 Qe7 20. Qxc4
Rxd1 21. Rxd1 Rxb2 22. Qc6 h5 23. Qa8+ Kh7 24. Rd8 Qb4 25. Kh3 Rxf2 26. Rh8+ Kg6
27. Qd8 f6 28. f5+ 1-0

[Event "ch-CHN 2012"]
[Site "Xinghua CHN"]
[Date "2012.04.05"]
[Round "9"]
[White "Ni, Hua"]
[Black "Li, Shilong"]
[Result "1/2-1/2"]
[WhiteTitle "GM"]
[BlackTitle "GM"]
[WhiteElo "2637"]
[BlackElo "2549"]
[WhiteFideId "8601160"]
[BlackFideId "8600678"]
[EventDate "2012.03.27"]

1. e4 e5 2. Nf3 Nc6 3. Bb5 a6 4. Ba4 Nf6 5. O-O Be7 6. d3 b5 7. Bb3 d6 8. a4 Bg4
9. c3 O-O 10. h3 Bd7 11. Nbd2 Na5 12. Bc2 c5 13. Re1 Qc7 14. Nf1 h6 15. Ne3 Rfc8
16. Nh2 Be6 17. Qf3 Bf8 18. Nf5 Qd8 19. Qg3 Kh7 20. Ng4 Nxg4 21. hxg4 g6 22. Ne3
Be7 23. Nd5 Bxd5 24. exd5 Bg5 25. Re4 b4 26. f4 exf4 27. Bxf4 bxc3 28. bxc3 Rab8
29. Rf1 Kg8 30. c4 Rb2 31. Qf2 Qf8 32. Re2 Re8 33. Rfe1 Rxe2 34. Rxe2 Bxf4 35.
Qxf4 Nb3 36. Bd1 Rxe2 37. Bxe2 Nd4 38. Bf3 Qe7 39. Qd2 Kg7 40. a5 Qe5 41. Bd1
Qg3 42. Kf1 g5 43. Kg1 Kg6 44. Kf1 Kg7 45. Kg1 Kg6 46. Kf1 f5 47. gxf5+ Kxf5 48.
Qf2+ Qxf2+ 49. Kxf2 h5 50. g4+ hxg4 51. Kg3 Nf3 52. Ba4 Nd4 53. Bd1 Nf3 54. Ba4
Kf6 55. Bc6 Nd4 56. Ba4 Ne2+ 57. Kxg4 Nc1 58. Bc2 Na2 59. Bb1 Nb4 60. Kh5 Kf5
61. d4+ Kf4 62. dxc5 dxc5 63. d6 g4 64. d7 Nc6 65. Bd3 g3 66. Bf1 Nd8 67. Kg6
Ke5 68. Bh3 Kd6 69. Kf6 Nc6 70. Kg5 Ke7 71. Kf4 Nxa5 72. Kxg3 Nxc4 73. Bf1 1/2-1/2

[Event "ch-CHN 2012"]
[Site "Xinghua CHN"]
[Date "2012.04.06"]
[Round "10"]
[White "Lu, Shanglei"]
[Black "Hou, Yifan"]
[Result "1/2-1/2"]
[WhiteTitle "GM"]
[BlackTitle "GM"]
[WhiteElo "2514"]
[BlackElo "2639"]
[WhiteFideId "8603332"]
[BlackFideId "8602980"]
[EventDate "2012.03.27"]

1. Nf3 Nf6 2. d4 e6 3. c4 d5 4. Nc3 Bb4 5. Bg5 Nbd7 6. cxd5 exd5 7. e3 c5 8. Bb5
O-O 9. Bxd7 Bxd7 10. O-O Bxc3 11. bxc3 Rc8 12. Qb1 b6 13. Ne5 Rc7 14. f3 Be6 15.
a4 cxd4 16. cxd4 Qc8 17. a5 bxa5 18. Rxa5 Nd7 19. Bf4 Nxe5 20. Bxe5 Rb7 21. Qc1
Qd7 22. Qa3 f6 23. Bd6 Re8 24. Bc5 Bf7 25. Rxa7 Rxa7 26. Qxa7 Qxa7 27. Bxa7 Rxe3
28. Bc5 h5 29. Kf2 Re6 30. Re1 Rxe1 1/2-1/2

[Event "ch-CHN 2012"]
[Site "Xinghua CHN"]
[Date "2012.04.06"]
[Round "10"]
[White "Wang, Chen"]
[Black "Ni, Hua"]
[Result "0-1"]
[WhiteTitle "IM"]
[BlackTitle "GM"]
[WhiteElo "2490"]
[BlackElo "2637"]
[WhiteFideId "8601020"]
[BlackFideId "8601160"]
[EventDate "2012.03.27"]

1. e4 c5 2. Nf3 Nc6 3. Bb5 e6 4. O-O Nge7 5. b3 a6 6. Bxc6 Nxc6 7. Bb2 b5 8. a4
b4 9. Ne5 Nxe5 10. Bxe5 f6 11. Bb2 d5 12. Qh5+ g6 13. Qf3 Be7 14. d3 Bb7 15. Nd2
O-O 16. Qe2 Qd7 17. f4 Rae8 18. Kh1 Qc6 19. Rfe1 Bd8 20. Rac1 Bc7 21. e5 d4 22.
Ne4 fxe5 23. fxe5 Bxe5 24. Rf1 Qc7 25. h3 Bf4 26. Rce1 Kg7 27. Rf3 e5 28. Ref1
Qe7 29. Qe1 Be3 30. Bc1 Rxf3 31. Rxf3 Bxe4 32. dxe4 Bxc1 33. Qxc1 Rf8 34. Qf1
Rxf3 35. Qxf3 a5 36. Qf1 Qg5 37. Qc4 Qc1+ 38. Kh2 Qf4+ 39. Kh1 Qc1+ 40. Kh2 Qf4+
41. Kh1 Qxe4 42. Qxc5 Kf6 43. Qxa5 Qxc2 44. Qd8+ Kf5 45. Qf8+ Kg5 46. Qe7+ Kf4
47. Qf6+ Qf5 48. Qh4+ Ke3 49. Qe1+ Kd3 50. a5 Kc2 51. a6 d3 52. a7 d2 53. Qa1
d1=Q+ 54. Qxd1+ Kxd1 55. a8=Q Qf1+ 56. Kh2 Qf4+ 0-1

[Event "ch-CHN 2012"]
[Site "Xinghua CHN"]
[Date "2012.04.06"]
[Round "10"]
[White "Liu, Qingnan"]
[Black "Yu, Yangyi"]
[Result "1/2-1/2"]
[WhiteTitle "IM"]
[BlackTitle "GM"]
[WhiteElo "2461"]
[BlackElo "2615"]
[WhiteFideId "8603294"]
[BlackFideId "8603820"]
[EventDate "2012.03.27"]

1. d4 Nf6 2. c4 e6 3. Nc3 Bb4 4. Qc2 c5 5. dxc5 Qc7 6. a3 Bxc5 7. b4 Be7 8. Nb5
Qc6 9. Nd4 Qb6 10. c5 Qd8 11. Bf4 Nc6 12. Nxc6 bxc6 13. e4 a5 14. Rd1 axb4 15.
axb4 Nh5 16. Be5 O-O 17. Bc4 Bf6 18. Bd6 Be7 19. Be5 Bf6 20. Bd6 Be7 21. Bxe7
Qxe7 22. Nf3 Nf4 23. O-O Ra3 24. Nd4 Ba6 25. Bxa6 Rxa6 26. Qd2 Qf6 27. Ne2 Nxe2+
28. Qxe2 Ra7 29. e5 Qf4 30. Rb1 Rfa8 31. g3 Qf5 32. Rfd1 h5 33. h4 Ra3 34. Rb2
Rc3 35. Rbd2 Raa3 36. Rd4 Rc2 37. R4d2 Rcc3 38. Rd4 Rab3 39. Kh2 Qg6 40. Qe1 Rc2
41. R1d2 Rxd2 42. Qxd2 Qb1 43. Rxd7 Rxb4 44. Qg5 Qf5 45. Qxf5 exf5 46. Rd8+ Kh7
47. Rd6 f4 48. Rxc6 fxg3+ 49. fxg3 Re4 50. Kg2 Rxe5 51. Kf3 f6 52. Rc7 Kg6 53.
c6 Re6 54. Kf4 f5 55. Rc8 Re4+ 56. Kf3 Re6 57. c7 Re7 58. Kf4 Re4+ 1/2-1/2

[Event "ch-CHN 2012"]
[Site "Xinghua CHN"]
[Date "2012.04.06"]
[Round "10"]
[White "Zhou, Jianchao"]
[Black "Zhao, Jun"]
[Result "0-1"]
[WhiteTitle "GM"]
[BlackTitle "GM"]
[WhiteElo "2625"]
[BlackElo "2583"]
[WhiteFideId "8603537"]
[BlackFideId "8602522"]
[EventDate "2012.03.27"]

1. d4 Nf6 2. c4 g6 3. Nc3 Bg7 4. e4 d6 5. Nf3 O-O 6. Be2 e5 7. O-O Nc6 8. d5 Ne7
9. Ne1 Nd7 10. f3 f5 11. Nd3 Nf6 12. Bd2 c5 13. Rb1 f4 14. b4 b6 15. bxc5 bxc5
16. Qa4 g5 17. Nb5 a6 18. Na3 Ng6 19. Qc6 Ra7 20. Rb8 g4 21. Rxc8 Qxc8 22. Qxd6
Rc7 23. Ba5 Ne8 24. Qb6 Rf6 25. Qb1 Rb7 26. Qa1 Nd6 27. Bc3 g3 28. Rb1 gxh2+ 29.
Kh1 Rxb1+ 30. Qxb1 Nf7 31. Qe1 Bf8 32. Nb1 Bd6 33. Nd2 Nf8 34. Nb3 Nd7 35. Na5
Rh6 36. g4 fxg3 37. Qxg3+ Rg6 38. Qh3 Qd8 39. Bd2 Nf8 40. Nb7 Qb6 41. Nxd6 Nxd6
42. Kxh2 Nxc4 43. Bc1 Qb1 44. Qf1 Qxa2 45. f4 Nd2 46. Bxd2 Qxd2 47. Nxe5 Rg7 48.
Qf2 Ng6 49. Nc4 Qc2 50. d6 Nxf4 51. e5 Nxe2 52. e6 Qg6 0-1